Cultura general por letra - V - Estadísticas

Estadísticas generales
  • Esta prueba ha sido intentada 3.635 veces
  • La puntuación promedio es 16 de 20
Estadísticas de respuestas
Pista Respuesta % Correcto
Animal que nos da leche y carne Vaca
99%
País más pequeño del mundo, sede del Papa Vaticano
99%
Planeta más caliente del Sistema Solar Venus
99%
Montaña que expulsa lava y ceniza Volcán
97%
Capital de Austria Viena
95%
Tela utilizada para cubrir heridas Venda
93%
Deporte en el que se golpea un balón por encima de una red Voleibol
93%
Criatura mitológica que bebe sangre humana Vampiro
90%
Compositor italiano de Las cuatro estaciones Vivaldi
84%
Nombre de una reina británica y un famoso lago africano Victoria
83%
Marca alemana de automóviles Volkswagen
81%
Palacio francés asociado con Luis XIV, hoy en día un museo Versalles
80%
Serpiente venenosa Víbora
79%
Revista francesa de moda muy influyente Vogue
77%
Esposa de Pedro Picapiedra Vilma
67%
Creencia espiritual de África y el Caribe, donde se logra manipular a la gente por medio de hechizos Vudú
66%
Planta de la que se obtiene la uva Vid
63%
Guerrero escandinavo de la era medieval Vikingo
59%
Pintor neerlandés, autor de La joven de la perla Vermeer
31%
Álbum musical de AꓭBA lanzado en 1979 Voulez-Vous
17%
No se encontraron pruebas coincidentes
Distribución de puntuación
Porcentaje de gente con cada puntuación
Porcentaje por número respondido
Historial de tus puntuaciones
No has intentado esta prueba.